[Event "Iceland-Argentina match 9599"]
[Site "Iceland-Argentina match 9599"]
[Date "1995.??.??"]
[Round "3"]
[White "Elison, Kari"]
[Black "Hegoburu, Pedro Federico"]
[Result "1-0"]
[WhiteElo "2300"]
[BlackElo "2505"]
[PlyCount "67"]
[EventDate "1995.??.??"]
[Source "www.chesslib.no"]
[SourceDate "2004.05.04"]

1. e4 e5 2. Nf3 Nc6 3. Bc4 Bc5 4. b4 Bxb4 5. c3 Ba5 6. d4 d6 7. Qb3 Qd7 8. dxe5 Bb6 9. Nbd2 Na5 10. Qc2 Nxc4 11. Nxc4 d5 12. exd5 Qxd5 13. Qa4+ Bd7 14. Nxb6 cxb6 15. Qb4 Bb5 16. Nd4 Qxe5+ 17. Be3 Ba6 18. O-O-O Nf6 19. Nf5 Qxf5 20. Rhe1 Ne4 21. f3 f6 22. Bxb6 Kf7 23. Rxe4 Rhc8 24. Bd8 Qg5+ 25. f4 Qc5 26. Rd7+ Kg6 27. f5+ Qxf5 28. Rg4+ Kh6 29. Rgxg7 Qf1+ 30. Kb2 Qe2+ 31. Ka3 Bc4 32. Rxh7+ Kg5 33. Rd5+ Kg6 34. Qb1+ 1-0

[Event "Curacao 40. anniv Open"]
[Site "?"]
[Date "2002.11.20"]
[Round "3"]
[White "Gikas Basilius"]
[Black "Kosashvili Yona"]
[Result "0-1"]
[WhiteElo "2254"]
[BlackElo "2543"]
[PlyCount "66"]
[EventDate "2002.??.??"]
[Source "www.chesslib.no"]
[SourceDate "2004.05.04"]

1. e4 e5 2. Nf3 Nc6 3. Bc4 Bc5 4. b4 Bxb4 5. c3 Ba5 6. d4 d6 7. Qb3 Nxd4 8. Nxd4 exd4 9. Bxf7+ Kf8 10. Bxg8 Rxg8 11. O-O d3 12. Qd5 Bb6 13. e5 Qd7 14. exd6 Qf5 15. Qxf5+ Bxf5 16. dxc7 Rc8 17. Na3 Rxc7 18. Nb5 Rd7 19. Ba3+ Kf7 20. Nd6+ Kg6 21. Rad1 h5 22. Rfe1 Rgd8 23. Nc4 Bc7 24. Bc5 b5 25. Nd2 Ba5 26. Be7 Rc8 27. Bb4 Bxb4 28. cxb4 Rc2 29. Nf3 d2 30. Ne5+ Kh7 31. Rf1 Rd5 32. f4 Rxa2 33. Kf2 Bc2 0-1

[Event "Stockholm SWE"]
[Site "Stockholm SWE"]
[Date "1981.??.??"]
[Round "?"]
[White "Wedberg, Tom"]
[Black "Kaiszauri, Konstanty"]
[Result "1-0"]
[WhiteElo "2420"]
[BlackElo "2370"]
[PlyCount "51"]
[EventDate "1981.??.??"]
[Source "www.chesslib.no"]
[SourceDate "2004.05.04"]

1. e4 e5 2. Nf3 Nc6 3. Bc4 Bc5 4. b4 Bxb4 5. c3 Ba5 6. d4 d6 7. Qb3 Nxd4 8. Nxd4 exd4 9. Bxf7+ Kf8 10. O-O dxc3 11. e5 Qe7 12. Bxg8 Rxg8 13. exd6 Qe5 14. Na3 Be6 15. Qxb7 Bd5 16. Qb5 Bb6 17. Nc4 Qe4 18. Ne3 Bc6 19. Qb3 cxd6 20. Ba3 g6 21. Rad1 Kg7 22. Qxc3+ Kh6 23. Bc1 Kh5 24. Nd5 Bxd5 25. Qh3+ Qh4 26. g4# 1-0

[Event "ESP Team Ch"]
[Site "Cordoba ARG"]
[Date "1995.??.??"]
[Round "8"]
[White "Roa Alonso, Santiago"]
[Black "Alvarez Ibarra, Rafael"]
[Result "1-0"]
[WhiteElo "2345"]
[BlackElo "2440"]
[PlyCount "71"]
[EventDate "1995.??.??"]
[Source "www.chesslib.no"]
[SourceDate "2004.05.04"]

1. e4 e5 2. Nf3 Nc6 3. Bc4 Bc5 4. b4 Bxb4 5. c3 Ba5 6. d4 d6 7. Qa4 exd4 8. Nxd4 Nge7 9. Bg5 Bb6 10. Bxe7 Kxe7 11. Nxc6+ bxc6 12. Qxc6 Bd7 13. Qd5 Be6 14. Qd3 Bxc4 15. Qxc4 Re8 16. O-O Kf8 17. Nd2 Qg5 18. Nf3 Qf6 19. Rae1 Rad8 20. Nd4 Kg8 21. Nc6 Ra8 22. a4 a5 23. Qd3 Re6 24. c4 Rae8 25. Re2 Qf4 26. g3 Qg4 27. Rfe1 Qh3 28. Kh1 f5 29. Qd5 Kh8 30. Nd8 c6 31. Qxe6 Rxe6 32. Nxe6 fxe4 33. Ng5 Qf5 34. Rxe4 g6 35. Re7 Qxg5 36. Rd7 1-0

[Event "ISL-ch"]
[Site "Reykjavik"]
[Date "1999.09.03"]
[Round "4"]
[White "Thorfinnsson, Bragi"]
[Black "Gretarsson, Helgi Ass"]
[Result "0-1"]
[WhiteElo "2260"]
[BlackElo "2521"]
[PlyCount "78"]
[EventDate "1999.08.31"]
[Source "www.chesslib.no"]
[SourceDate "2004.05.04"]

1. e4 e5 2. Nf3 Nc6 3. Bc4 Bc5 4. b4 Bxb4 5. c3 Ba5 6. d4 d6 7. dxe5 dxe5 8. Qb3 Qf6 9. O-O h6 10. Ba3 Nge7 11. Bd5 Bb6 12. Nbd2 Na5 13. Qb2 c6 14. Bb3 O-O 15. c4 Rd8 16. Bb4 Nxb3 17. axb3 Ng6 18. Bc3 Bg4 19. h3 Bxf3 20. Nxf3 Rd3 21. Nh2 Qg5 22. Kh1 Nf4 23. Rg1 Rxc3 24. Qxc3 Bd4 25. Qf3 Bxa1 26. Rxa1 Rd8 27. Qg4 a6 28. Qxg5 hxg5 29. Ng4 f6 30. Ne3 Rd2 31. Kg1 Nd3 32. Rd1 Rxd1+ 33. Nxd1 a5 34. Nc3 Nc5 35. Kf1 Nxb3 36. Ke2 Nc5 37. f3 Kf7 38. Kd2 Ke7 39. g3 Kd6 0-1

[Event "SLO Team Ch"]
[Site "Slovenia"]
[Date "1995.??.??"]
[Round "3"]
[White "Grosar, Aljosa"]
[Black "Orel, Oskar"]
[Result "1-0"]
[WhiteElo "2475"]
[BlackElo "2290"]
[PlyCount "77"]
[EventDate "1995.??.??"]
[Source "www.chesslib.no"]
[SourceDate "2004.05.04"]

1. e4 e5 2. Nf3 Nc6 3. Bc4 Bc5 4. b4 Bxb4 5. c3 Ba5 6. d4 d6 7. Qb3 Qd7 8. dxe5 dxe5 9. Ba3 Bb6 10. Nbd2 Na5 11. Qb4 c5 12. Qb2 Nxc4 13. Nxc4 Qe6 14. Nfxe5 Nf6 15. Qb5+ Bd7 16. Nxd7 Qxe4+ 17. Kd2 Qd5+ 18. Kc2 Qxd7 19. Rhe1+ Kf8 20. Bxc5+ Bxc5 21. Qxc5+ Kg8 22. Rad1 Qa4+ 23. Kb2 h5 24. Rd4 Qa6 25. Re7 Rh6 26. Nd6 Rg6 27. g3 Qc6 28. Nxb7 Qg2 29. Rd8+ Rxd8 30. Nxd8 Nd5 31. Re8+ Kh7 32. Nxf7 Rb6+ 33. Kc2 Rf6 34. Rh8+ Kg6 35. Ne5+ Kg5 36. h4+ Kf5 37. Rxh5+ Ke6 38. Qc6+ Ke7 39. Qd7+ 1-0

[Event "American Continental 1st"]
[Site "Cali"]
[Date "2001.08.10"]
[Round "1"]
[White "Barrientos Chavarriaga, Sergio"]
[Black "Morovic Fernandez, Ivan"]
[Result "0-1"]
[WhiteElo "2163"]
[BlackElo "2565"]
[PlyCount "78"]
[EventDate "2001.08.09"]
[Source "ChessBase"]
[SourceDate "2001.09.11"]

1. e4 e5 2. Nf3 Nc6 3. Bc4 Bc5 4. b4 Bxb4 5. c3 Ba5 6. d4 d6 7. Qb3 Qd7 8. dxe5 Bb6 9. Be2 Qe6 10. exd6 Qxb3 11. axb3 cxd6 12. Bf4 Nf6 13. Bd3 O-O 14. O-O d5 15. Nbd2 Be6 16. Ng5 h6 17. Nxe6 fxe6 18. Bg3 Rad8 19. Rad1 Nh5 20. exd5 exd5 21. Nf3 Nxg3 22. hxg3 g5 23. Rde1 Rd6 24. g4 Bd8 25. Re3 Bf6 26. Bf5 d4 27. Rd3 Ne7 28. Be4 Re6 29. Re1 dxc3 30. Bh7+ Kxh7 31. Rxe6 c2 32. Rxe7+ Bxe7 33. Rc3 Rd8 34. Rxc2 Rd1+ 35. Kh2 Bd6+ 36. g3 Rd3 37. Kg2 Rxb3 38. Rd2 Rb6 39. Nd4 Bf8 0-1

[Event "FIN Team Ch 9697"]
[Site "Finland"]
[Date "1996.??.??"]
[Round "1.1"]
[White "Norri, Joose"]
[Black "Rantanen, Yrjo A"]
[Result "1-0"]
[WhiteElo "2365"]
[BlackElo "2355"]
[PlyCount "69"]
[EventDate "1996.??.??"]
[Source "www.chesslib.no"]
[SourceDate "2004.05.04"]

1. e4 e5 2. Nf3 Nc6 3. Bc4 Bc5 4. b4 Bxb4 5. c3 Ba5 6. d4 d6 7. Qb3 Qd7 8. dxe5 Bb6 9. Nbd2 Na5 10. Qc2 Nxc4 11. Nxc4 d5 12. exd5 Qxd5 13. Qa4+ Bd7 14. Nxb6 cxb6 15. Qb4 Ne7 16. O-O Nc6 17. Qh4 Bf5 18. Ba3 Qe4 19. Qg5 Qg4 20. Qd2 Be4 21. h3 Qd7 22. Qxd7+ Kxd7 23. Ng5 Bg6 24. f4 h6 25. f5 hxg5 26. fxg6 fxg6 27. Rad1+ Ke8 28. e6 Rd8 29. Rde1 Rd5 30. Rf7 Ra5 31. Bb4 Rxa2 32. Rxb7 Rd2 33. Ba3 Ra2 34. Bc1 Rc2 35. Rc7 1-0

[Event "Corr"]
[Site "?"]
[Date "1999.06.20"]
[Round "?"]
[White "Jensen Kristian Rohde (DEN"]
[Black "Thomsen Keld (DEN)"]
[Result "1/2-1/2"]
[WhiteElo "2371"]
[BlackElo "2341"]
[PlyCount "82"]
[EventDate "1999.??.??"]
[Source "www.chesslib.no"]
[SourceDate "2004.05.04"]

1. e4 e5 2. Nf3 Nc6 3. Bc4 Bc5 4. b4 Bxb4 5. c3 Ba5 6. d4 d6 7. Qb3 Qd7 8. dxe5 Bb6 9. Nbd2 Na5 10. Qc2 Nxc4 11. Nxc4 d5 12. Bg5 h6 13. Bh4 Qg4 14. O-O-O g5 15. e6 Qf4+ 16. Kb2 Bxe6 17. Nxb6 axb6 18. exd5 Bf5 19. Qe2+ Kf8 20. Bg3 Qa4 21. Kc1 Qxa2 22. Qxa2 Rxa2 23. Nd4 Be4 24. Bxc7 Bxd5 25. Nf5 f6 26. Kb1 Ra5 27. f3 Rh7 28. Bd6+ Kf7 29. Bb4 Ba2+ 30. Kb2 Rxf5 31. Kxa2 Kg6 32. Rhe1 h5 33. Kb3 g4 34. h3 gxf3 35. gxf3 Rf7 36. Rg1+ Kh7 37. Rd3 Nh6 38. Re1 Rc7 39. Re4 Nf7 40. f4 Nh8 41. Rd8 Ng6 1/2-1/2

[Event "AZE-ch"]
[Site "?"]
[Date "2001.??.??"]
[Round "?"]
[White "Babaev Rashad"]
[Black "Dovliatov Sanan"]
[Result "1/2-1/2"]
[WhiteElo "2334"]
[BlackElo "2360"]
[PlyCount "47"]
[EventDate "2001.??.??"]
[Source "www.chesslib.no"]
[SourceDate "2004.05.04"]

1. e4 e5 2. Nf3 Nc6 3. Bc4 Bc5 4. b4 Bxb4 5. c3 Ba5 6. d4 d6 7. Qb3 exd4 8. Bxf7+ Kf8 9. O-O Qf6 10. Bxg8 Rxg8 11. cxd4 Nxd4 12. Nxd4 Qxd4 13. Bb2 Qxe4 14. Nc3 Qe6 15. Qb5 Qf5 16. Nd5 Bb6 17. Rad1 Be6 18. Ba3 Rd8 19. Nxc7 Bxc7 20. Qxb7 Rd7 21. Qxa7 Kf7 22. Qd4 Bxa2 23. Rd3 Bd5 24. Qxd5+ 1/2-1/2

[Event "Allerod"]
[Site "Allerod"]
[Date "1994.??.??"]
[Round "?"]
[White "Hansen, Sune Berg"]
[Black "Hansen, Lars DEN"]
[Result "1-0"]
[WhiteElo "2415"]
[BlackElo "2265"]
[PlyCount "83"]
[EventDate "1994.??.??"]
[Source "www.chesslib.no"]
[SourceDate "2004.05.04"]

1. e4 e5 2. Nf3 Nc6 3. Bc4 Bc5 4. b4 Bxb4 5. c3 Ba5 6. d4 d6 7. Qb3 Qd7 8. dxe5 Bb6 9. Nbd2 Na5 10. Qc2 Nxc4 11. Nxc4 d5 12. exd5 Qxd5 13. Qa4+ Bd7 14. Nxb6 cxb6 15. Qb4 Ne7 16. O-O Nc6 17. Qh4 O-O 18. Ba3 Rfd8 19. Rfd1 Qe6 20. Ng5 Qf5 21. Bd6 h6 22. Nf3 Qg4 23. h3 Qxh4 24. Nxh4 Be6 25. f4 Rac8 26. f5 Bc4 27. Kf2 Re8 28. Nf3 Rcd8 29. g4 Rd7 30. Rd2 Na5 31. g5 hxg5 32. Rg1 Bb5 33. Rxg5 Nc4 34. f6 Nxd2 35. Rxg7+ Kh8 36. Ng5 Ne4+ 37. Nxe4 Bd3 38. Ng5 Bg6 39. h4 Rg8 40. e6 Rxd6 41. Rh7+ Bxh7 42. Nxf7# 1-0

[Event "Munich Open"]
[Site "Munich GER"]
[Date "1985.??.??"]
[Round "?"]
[White "Schmidt, Wlodzimierz"]
[Black "Niessbeck, J."]
[Result "1-0"]
[WhiteElo "2475"]
[BlackElo "2200"]
[PlyCount "49"]
[EventDate "1985.??.??"]
[Source "www.chesslib.no"]
[SourceDate "2004.05.04"]

1. e4 e5 2. Nf3 Nc6 3. Bc4 Bc5 4. b4 Bxb4 5. c3 Ba5 6. d4 d6 7. Qb3 Qd7 8. dxe5 Bb6 9. Nbd2 Na5 10. Qc2 Nxc4 11. Nxc4 Qc6 12. Nxb6 axb6 13. Nd4 Qc4 14. exd6 c5 15. Ne2 Nf6 16. f3 O-O 17. O-O Re8 18. Bg5 Nd5 19. Rfd1 Nb4 20. Qb3 Qxe2 21. d7 Bxd7 22. Rxd7 Re6 23. cxb4 Rg6 24. Qxf7+ Kh8 25. Rad1 1-0

[Event "Kots Mem"]
[Site "Donetsk UKR"]
[Date "2008.01.18"]
[Round "1"]
[White "Polivanov, A."]
[Black "Serik, M."]
[Result "1-0"]
[WhiteElo "2391"]
[BlackElo "2282"]
[PlyCount "63"]
[EventDate "2008.01.18"]
[Source "www.chesslib.no"]
[SourceDate "2004.05.04"]

1. e4 e5 2. Nf3 Nc6 3. Bc4 Bc5 4. b4 Bxb4 5. c3 Ba5 6. d4 d6 7. Qb3 Qd7 8. dxe5 Bb6 9. Nbd2 Na5 10. Qc2 Nxc4 11. Nxc4 Qe6 12. Nxb6 axb6 13. exd6 Qxd6 14. O-O Bg4 15. Nd4 Ne7 16. f4 Bd7 17. f5 Ba4 18. Qe2 Nc6 19. Be3 Ne5 20. Rab1 Ra5 21. Rb2 Kd7 22. Rd2 Kc8 23. Nb3 Bb5 24. Qh5 Qc6 25. Nxa5 bxa5 26. f6 gxf6 27. Qf5+ Kb8 28. Qxf6 Qxf6 29. Rxf6 Nc4 30. Re2 Nd6 31. Rb2 Nxe4 32. Rxb5 1-0

[Event "CRO-chT"]
[Site "Porec"]
[Date "1998.09.07"]
[Round "3"]
[White "Stevic, Hrvoje"]
[Black "Dabo Peranic, Robert"]
[Result "0-1"]
[WhiteElo "2465"]
[BlackElo "2195"]
[PlyCount "166"]
[EventDate "1998.09.??"]
[Source "www.chesslib.no"]
[SourceDate "2004.05.04"]

1. e4 e5 2. Nf3 Nc6 3. Bc4 Bc5 4. b4 Bxb4 5. c3 Ba5 6. d4 d6 7. Qb3 Qd7 8. dxe5 Bb6 9. Ba3 Na5 10. Qb4 Nxc4 11. Qxc4 dxe5 12. Nxe5 Qe6 13. Qa4+ c6 14. Nd3 Ne7 15. O-O O-O 16. Nd2 Re8 17. Nc5 Qg4 18. Rab1 Ng6 19. Qd1 Qg5 20. Nf3 Qh5 21. Nd4 Bg4 22. f3 Bc8 23. Nd3 Be6 24. Rf2 Rad8 25. Qc2 Bc4 26. Ne1 Nf4 27. Bc1 Bc7 28. g4 Qh4 29. Bxf4 Bxf4 30. Kh1 Be3 31. Rg2 Bxd4 32. cxd4 Rxd4 33. Rd2 Red8 34. Rxd4 Rxd4 35. Ng2 Qd8 36. Rc1 b5 37. Ne3 Rd2 38. Qc3 Rd3 39. Qe1 Bxa2 40. Rxc6 Be6 41. Qc1 b4 42. Nd5 b3 43. g5 Qb8 44. Qb2 Bh3 45. Rc1 Rxf3 46. Rd1 Rf1+ 47. Rxf1 Bxf1 48. Ne7+ Kh8 49. Nf5 Qf8 50. Qxb3 Ba6 51. Qa4 Be2 52. Kg2 a6 53. Qa1 f6 54. Qb2 Bb5 55. h4 Qe8 56. Qd4 Qd7 57. Qb4 Kg8 58. Qb3+ Qf7 59. Qd1 Qa2+ 60. Kg3 Qa3+ 61. Kf4 Qd3 62. Qc1 Qf1+ 63. Qxf1 Bxf1 64. gxf6 gxf6 65. e5 Kf7 66. Ne3 Be2 67. Nd5 fxe5+ 68. Kxe5 a5 69. Kd4 Bf3 70. Nf4 Kf6 71. Nh3 h6 72. Kc5 Kf5 73. Ng5 Bh5 74. Kb5 Kg4 75. Kxa5 Kxh4 76. Ne6 Bg4 77. Nc5 Bf5 78. Nb3 Kg3 79. Nd2 h5 80. Kb4 h4 81. Kc3 h3 82. Nf1+ Kf2 83. Nh2 Kg2 0-1

[Event "RUS-ch54 sf Siberia"]
[Site "Novosibirsk"]
[Date "2001.04.??"]
[Round "7"]
[White "Kalashnikov, Konstantin"]
[Black "Kirillov, Pavel"]
[Result "1-0"]
[WhiteElo "2399"]
[BlackElo "2247"]
[PlyCount "125"]
[EventDate "2001.04.19"]
[Source "ChessBase"]
[SourceDate "2001.07.03"]

1. e4 e5 2. Nf3 Nc6 3. Bc4 Bc5 4. b4 Bxb4 5. c3 Ba5 6. d4 d6 7. Qb3 Qd7 8. dxe5 Bb6 9. Nbd2 Na5 10. Qc2 Nxc4 11. Nxc4 Qc6 12. Nxb6 axb6 13. O-O dxe5 14. Nxe5 Qe6 15. Nf3 Nf6 16. Bf4 c6 17. c4 O-O 18. Rfe1 Qg4 19. Bg5 Ra3 20. Bxf6 Rxf3 21. Be5 Qg5 22. Bg3 Rf6 23. f4 Qa5 24. f5 Re8 25. Rad1 h5 26. Kh1 h4 27. Bxh4 Rh6 28. Bg3 Qc5 29. Qd3 Qe7 30. Bf4 Rh4 31. Qg3 Rh5 32. h3 b5 33. Bd6 Qh4 34. Qxh4 Rxh4 35. Bg3 Rh6 36. c5 f6 37. Kh2 Kf7 38. Bf4 Rh4 39. g3 Rhh8 40. g4 Re7 41. Bd6 Rd7 42. Bg3 Rhd8 43. Rd6 Rxd6 44. cxd6 c5 45. h4 Bd7 46. e5 fxe5 47. Rxe5 Re8 48. Rxe8 Bxe8 49. Bf2 c4 50. Be1 g6 51. Kg3 gxf5 52. gxf5 Kf6 53. Kf4 Bd7 54. Bc3+ Kf7 55. Kg5 Bc8 56. h5 Bd7 57. h6 Kg8 58. Kg6 Be8+ 59. Kf6 Kh7 60. Ke7 Bc6 61. d7 Bxd7 62. Kxd7 Kxh6 63. Ke7 1-0

[Event "ISL-ch"]
[Site "Akureyri"]
[Date "1997.09.14"]
[Round "6"]
[White "Gunnarsson, Jon Viktor"]
[Black "Thorhallsson, Gylfi"]
[Result "1-0"]
[WhiteElo "2315"]
[BlackElo "2330"]
[PlyCount "55"]
[EventDate "1997.09.09"]
[Source "ChessBase"]
[SourceDate "1997.09.26"]

1. e4 e5 2. Nf3 Nc6 3. Bc4 Bc5 4. b4 Bxb4 5. c3 Ba5 6. d4 d6 7. Qb3 Qd7 8. dxe5 Bb6 9. Nbd2 dxe5 10. Ba3 Na5 11. Qb4 c5 12. Qb2 Nxc4 13. Nxc4 f6 14. Qb3 Nh6 15. Rd1 Qe6 16. Rd6 Qe7 17. Qa4+ Kf7 18. Rxb6 axb6 19. Qxa8 Be6 20. Qxh8 Bxc4 21. Nd2 Ba6 22. Qc8 Qd6 23. Qh3 Bd3 24. Qh5+ Kf8 25. Qd1 Qe6 26. Bc1 f5 27. f3 Qxa2 28. Qb3 1-0

[Event "BL2-S9697"]
[Site "Germany"]
[Date "1997.??.??"]
[Round "?"]
[White "Zuse, Klaus Peter"]
[Black "Gross, David2"]
[Result "1/2-1/2"]
[WhiteElo "2340"]
[BlackElo "2300"]
[PlyCount "48"]
[EventDate "1996.??.??"]
[Source "www.chesslib.no"]
[SourceDate "2004.05.04"]

1. e4 e5 2. Nf3 Nc6 3. Bc4 Bc5 4. b4 Bxb4 5. c3 Ba5 6. d4 d6 7. Qb3 Qd7 8. dxe5 Bb6 9. exd6 Na5 10. Qb4 Nxc4 11. Qxc4 Qxd6 12. O-O Be6 13. Qe2 O-O-O 14. Be3 Qd3 15. Qxd3 Rxd3 16. Bxb6 axb6 17. Ne5 Rd6 18. f4 f6 19. Nf3 Ne7 20. a4 Rhd8 21. Re1 Nc6 22. Na3 Rd3 23. Nb5 Bg4 24. Kf2 Ne7 1/2-1/2

[Event "Corr"]
[Site "?"]
[Date "2001.07.05"]
[Round "?"]
[White "Maiorov Oleg Ivanovich"]
[Black "Marcotulli Giancarlo"]
[Result "1/2-1/2"]
[WhiteElo "2398"]
[BlackElo "2241"]
[PlyCount "53"]
[EventDate "2001.??.??"]
[Source "www.chesslib.no"]
[SourceDate "2004.05.04"]

1. e4 e5 2. Nf3 Nc6 3. Bc4 Bc5 4. b4 Bxb4 5. c3 Ba5 6. d4 d6 7. Qb3 Nxd4 8. Nxd4 exd4 9. Bxf7+ Kf8 10. O-O Qf6 11. Bxg8 Rxg8 12. Bb2 d3 13. c4 Qf7 14. Qxd3 Be6 15. Na3 Bb6 16. Rae1 g5 17. Bd4 Rg6 18. e5 c5 19. Bc3 d5 20. Nb5 dxc4 21. Qe3 Qf4 22. Nc7 Bxc7 23. Qxc5+ Kg8 24. Qxc7 Rg7 25. Qc5 Qf8 26. Qe3 Qf4 27. Qc5 1/2-1/2

[Event "Frydek Mistek Open"]
[Site "Frydek Mistek CZE"]
[Date "1995.??.??"]
[Round "?"]
[White "Novosak, Jiri"]
[Black "Sulskis, Sarunas"]
[Result "0-1"]
[WhiteElo "2160"]
[BlackElo "2470"]
[PlyCount "82"]
[EventDate "1995.??.??"]
[Source "www.chesslib.no"]
[SourceDate "2004.05.04"]

1. e4 e5 2. Nf3 Nc6 3. Bc4 Bc5 4. b4 Bxb4 5. c3 Ba5 6. d4 d6 7. dxe5 dxe5 8. Qb3 Qf6 9. O-O h6 10. Ba3 Nge7 11. Bd5 O-O 12. c4 Re8 13. Qa4 Bg4 14. Bxe7 Nxe7 15. Bxb7 Rab8 16. Qxa5 Bxf3 17. Qxc7 Qg5 18. g3 Ng6 19. Bd5 Kh8 20. Qd7 Be2 21. Re1 Nh4 22. Nc3 Nf3+ 23. Kg2 Nxe1+ 24. Rxe1 Bg4 25. Qxa7 Qh5 26. Qe3 Rb6 27. Ne2 Bh3+ 28. Kh1 Rb2 29. c5 Reb8 30. Bb3 Rd8 31. Bd5 Bg4 32. Ng1 Be6 33. Bxe6 fxe6 34. Re2 Rxe2 35. Nxe2 Qh3 36. Ng1 Qf1 37. c6 Rd1 38. f3 Rc1 39. c7 Rxc7 40. Qb3 Rc1 41. Qb6 Qxf3# 0-1

[Event "Oberliga Baden 0001"]
[Site "?"]
[Date "2001.02.18"]
[Round "6.4"]
[White "Mohebbi Jaffar"]
[Black "Kountz Jochen"]
[Result "1-0"]
[WhiteElo "2300"]
[BlackElo "2325"]
[PlyCount "67"]
[EventDate "2001.??.??"]
[Source "www.chesslib.no"]
[SourceDate "2004.05.04"]

1. e4 e5 2. Nf3 Nc6 3. Bc4 Bc5 4. b4 Bxb4 5. c3 Ba5 6. d4 d6 7. dxe5 dxe5 8. Qb3 Qf6 9. O-O Nge7 10. Bg5 Qg6 11. Bd5 Bb6 12. Nbd2 f6 13. Bh4 Bd7 14. Nc4 O-O-O 15. Rab1 Kb8 16. a4 Bc8 17. a5 Nxd5 18. exd5 Nxa5 19. Nxa5 Bxa5 20. c4 Bb6 21. Qc3 e4 22. Nd2 e3 23. fxe3 Qh6 24. Bf2 Bc5 25. Ne4 Bd6 26. Nxd6 Rxd6 27. e4 Ra6 28. Ra1 b6 29. c5 Re8 30. d6 Rxe4 31. cxb6 c6 32. Qxc6 Bb7 33. Qc7+ Ka8 34. Qd8+ 1-0

[Event "CUB Ch"]
[Site "Cuba"]
[Date "1988.??.??"]
[Round "?"]
[White "Rodriguez, Pedro"]
[Black "Valdes, Luis E"]
[Result "0-1"]
[WhiteElo "2315"]
[BlackElo "2310"]
[PlyCount "104"]
[EventDate "1988.10.??"]
[Source "www.chesslib.no"]
[SourceDate "2004.05.04"]

1. e4 e5 2. Nf3 Nc6 3. Bc4 Bc5 4. b4 Bxb4 5. c3 Ba5 6. d4 d6 7. Qb3 Qd7 8. dxe5 Bb6 9. exd6 Na5 10. Qb5 Nxc4 11. Qxc4 Qxd6 12. Ba3 Be6 13. Qb5+ Qd7 14. Qxd7+ Bxd7 15. O-O O-O-O 16. Nd4 Nh6 17. Re1 Rhe8 18. Nd2 Ba4 19. Bb2 Ng4 20. Nc4 Bc5 21. h3 Ne5 22. Nxe5 Rxe5 23. Re2 g6 24. Nb3 Bxb3 25. axb3 f5 26. b4 Bd6 27. Rxa7 Rxe4 28. Rxe4 fxe4 29. Ra8+ Kd7 30. Rxd8+ Kxd8 31. Kf1 Kd7 32. b5 c6 33. c4 cxb5 34. cxb5 Bc5 35. Ke2 Kc7 36. f4 exf3+ 37. gxf3 Kb6 38. f4 Kxb5 39. Kd3 Bd6 40. Ke4 Kc4 41. f5 gxf5+ 42. Kxf5 b5 43. Ke4 Kb3 44. Bg7 Kc2 45. Kd5 Be7 46. Ke6 Ba3 47. Kd5 h5 48. Ke4 Be7 49. Kd5 b4 50. Ke4 b3 51. Kd5 Ba3 52. Ke4 Bb4 0-1

[Event "Bad Woerishofen op 17th"]
[Site "?"]
[Date "2001.??.??"]
[Round "6"]
[White "Pflug Matthias"]
[Black "Pirrot Dieter"]
[Result "0-1"]
[WhiteElo "2177"]
[BlackElo "2445"]
[PlyCount "76"]
[EventDate "2001.??.??"]
[Source "www.chesslib.no"]
[SourceDate "2004.05.04"]

1. e4 e5 2. Nf3 Nc6 3. Bc4 Bc5 4. b4 Bxb4 5. c3 Ba5 6. d4 d6 7. Qb3 Qd7 8. dxe5 Bb6 9. Nbd2 Na5 10. Qc2 Nxc4 11. Nxc4 d5 12. exd5 Qxd5 13. Qa4+ Bd7 14. Nxb6 cxb6 15. Qd4 Bc6 16. O-O O-O-O 17. Rd1 Ne7 18. Qg4+ Bd7 19. Rxd5 Bxg4 20. Rxd8+ Rxd8 21. Bg5 Re8 22. Bxe7 Rxe7 23. Re1 Bxf3 24. gxf3 Kd7 25. f4 Ke6 26. Re4 Rc7 27. c4 Rd7 28. Kg2 Rd2 29. a3 Rd3 30. Re3 Rd4 31. Kg3 Rxc4 32. Kg4 b5 33. Rb3 a6 34. h4 f6 35. exf6 Kxf6 36. Rd3 b4 37. a4 Rc6 38. a5 b6 0-1

[Event "05.OIBayEM Bad Wiessee op"]
[Site "?"]
[Date "2001.11.01"]
[Round "6"]
[White "Pirrot Dieter"]
[Black "Rossmanith Alexander"]
[Result "1-0"]
[WhiteElo "2438"]
[BlackElo "2183"]
[PlyCount "31"]
[EventDate "2001.??.??"]
[Source "www.chesslib.no"]
[SourceDate "2004.05.04"]

1. e4 e5 2. Nf3 Nc6 3. Bc4 Bc5 4. b4 Bxb4 5. c3 Ba5 6. d4 d6 7. Qb3 Qd7 8. dxe5 Nxe5 9. Nxe5 dxe5 10. O-O c6 11. a4 Qc7 12. Ba3 Bg4 13. Bd6 Qb6 14. Bxf7+ Kd7 15. Qa3 Nh6 16. Ba2 1-0

[Event "ch-IND w"]
[Site "Pune IND"]
[Date "2007.11.07"]
[Round "3"]
[White "Meera, S."]
[Black "Mohota, N."]
[Result "1/2-1/2"]
[WhiteElo "2205"]
[BlackElo "2416"]
[PlyCount "94"]
[EventDate "2007.11.06"]
[Source "www.chesslib.no"]
[SourceDate "2004.05.04"]

1. e4 e5 2. Nf3 Nc6 3. Bc4 Bc5 4. b4 Bxb4 5. c3 Ba5 6. d4 d6 7. Qb3 Qd7 8. dxe5 Bb6 9. O-O Na5 10. Qb4 Nxc4 11. Qxc4 Qe6 12. Qd3 dxe5 13. Rd1 Bd7 14. Ng5 Qc6 15. Nxf7 Kxf7 16. Qxd7+ Qxd7 17. Rxd7+ Ke6 18. Rxg7 Rd8 19. Nd2 Nf6 20. Ba3 Ng4 21. Nc4 Bxf2+ 22. Kf1 Ne3+ 23. Nxe3 Bxe3 24. Ke2 Bf4 25. g3 Rd2+ 26. Kf3 Rd3+ 27. Kg4 Rxc3 28. Bb4 Rc4 29. Ba3 Kf6 30. Rd7 Rg8+ 31. Kh4 Rxe4 32. Rf1 Re2 33. Kh3 Ke6 34. Re7+ Kd5 35. gxf4 Re3+ 36. Kh4 Rxa3 37. Rxe5+ Kd4 38. Rd1+ Rd3 39. Rxd3+ Kxd3 40. Re7 c5 41. Rxb7 Ke4 42. Rc7 Kxf4 43. Rxc5 Rg2 44. Rc4+ Kf3 45. Rc3+ Kf4 46. Rc4+ Kf3 47. Rc3+ Kf4 1/2-1/2

[Event "YUG-ch sf"]
[Site "?"]
[Date "1996.??.??"]
[Round "8"]
[White "Kontic Djordjije"]
[Black "Nikolic Zoran"]
[Result "1-0"]
[WhiteElo "2400"]
[BlackElo "2220"]
[PlyCount "35"]
[EventDate "1996.??.??"]
[Source "www.chesslib.no"]
[SourceDate "2004.05.04"]

1. e4 e5 2. Nf3 Nc6 3. Bc4 Bc5 4. b4 Bxb4 5. c3 Ba5 6. d4 d6 7. Qb3 Qd7 8. dxe5 dxe5 9. O-O Bb6 10. Rd1 Qe7 11. a4 Bg4 12. a5 Nxa5 13. Rxa5 Bxa5 14. Ba3 Qf6 15. Qxb7 Rd8 16. Bb5+ Bd7 17. Rxd7 Rxd7 18. Qc8+ 1-0

[Event "Carlos Torre op 13th"]
[Site "Merida"]
[Date "2000.12.22"]
[Round "9"]
[White "Ancheyta Tejas, Victor"]
[Black "Vega, Jorge"]
[Result "1-0"]
[WhiteElo "2325"]
[BlackElo "2282"]
[PlyCount "95"]
[EventDate "2000.12.15"]
[Source "ChessBase"]
[SourceDate "2001.01.11"]

1. e4 e5 2. Nf3 Nc6 3. Bc4 Bc5 4. b4 Bxb4 5. c3 Ba5 6. d4 d6 7. dxe5 dxe5 8. Qxd8+ Nxd8 9. Nxe5 Be6 10. Bb3 Nf6 11. f3 c6 12. Nc4 Bc7 13. Ba3 b6 14. Nd6+ Kd7 15. Bxe6+ fxe6 16. Nc4 c5 17. g3 Nc6 18. Ne3 Rad8 19. Nd2 Na5 20. Nb3 Nb7 21. Ke2 Kc6 22. Rac1 a5 23. c4 a4 24. Nd2 Bd6 25. Rc2 Rd7 26. Rb1 Rhd8 27. Bb2 Bc7 28. e5 Ng8 29. Ne4 h6 30. f4 Ne7 31. Nc3 Ra8 32. Ne4 Rdd8 33. h4 Rf8 34. Rf1 a3 35. Ba1 Na5 36. h5 Nf5 37. Nxf5 exf5 38. Nd2 Nb7 39. Rf3 Nd8 40. Nb1 Ne6 41. Nxa3 Rad8 42. Nb5 Bb8 43. a4 Rd7 44. Rd2 g5 45. hxg6 Rg7 46. Rfd3 Rxg6 47. Rd7 Nd4+ 48. Bxd4 1-0

[Event "Ch FRA Accession, Meribel"]
[Site "?"]
[Date "1998.??.??"]
[Round "?"]
[White "Fontaine, Robert"]
[Black "Gaudineau, Eric"]
[Result "0-1"]
[WhiteElo "2360"]
[BlackElo "2240"]
[PlyCount "66"]
[EventDate "1998.??.??"]
[Source "www.chesslib.no"]
[SourceDate "2004.05.04"]

1. e4 e5 2. Nf3 Nc6 3. Bc4 Bc5 4. b4 Bxb4 5. c3 Ba5 6. d4 d6 7. O-O Bb6 8. Ba3 Qf6 9. dxe5 dxe5 10. Nbd2 Nge7 11. Bb5 Bg4 12. Qa4 O-O 13. Bxc6 bxc6 14. c4 c5 15. h3 Bh5 16. Bb2 Nc6 17. Qa3 Rad8 18. Qe3 Rd7 19. g4 Bg6 20. Nb3 Rfd8 21. Qe2 a5 22. Rad1 Rxd1 23. Rxd1 Rxd1+ 24. Qxd1 Bxe4 25. Nxe5 Nd4 26. Nxd4 cxd4 27. Nd7 Qh4 28. Qf1 Ba7 29. c5 h5 30. Bxd4 hxg4 31. Qe2 gxh3 32. Be5 Qg5+ 33. Bg3 h2+ 0-1